Nine men chase a hen : (Record no. 6963)

MARC details
000 -LEADER
fixed length control field 01105nam a22002777a 4500
001 - CONTROL NUMBER
control field 6963
003 - CONTROL NUMBER IDENTIFIER
control field FISKH
005 - DATE AND TIME OF LATEST TRANSACTION
control field 20250707111537.0
008 - FIXED-LENGTH DATA ELEMENTS--GENERAL INFORMATION
fixed length control field 250612b cb ||||| |||| 00| 0 eng d
020 ## - INTERNATIONAL STANDARD BOOK NUMBER
International Standard Book Number 076645060099
040 ## - CATALOGING SOURCE
Original cataloging agency FISKH
Language of cataloging eng
Transcribing agency FISKH
Modifying agency FISKH
050 ## - LIBRARY OF CONGRESS CALL NUMBER
Classification number PZ8.3 .G84 N
082 ## - DEWEY DECIMAL CLASSIFICATION NUMBER
Classification number 636.5
100 ## - MAIN ENTRY--PERSONAL NAME
Personal name Gregorich, Barbara
245 ## - TITLE STATEMENT
Title Nine men chase a hen :
Remainder of title A start to read ! book /
260 ## - PUBLICATION, DISTRIBUTION, ETC.
Place of publication, distribution, etc. Michigan :
Name of publisher, distributor, etc. School Zone Publishing Company,
Date of publication, distribution, etc. 1819.
300 ## - PHYSICAL DESCRIPTION
Extent 16 pages :
Other physical details color illustrations ;
Dimensions 23 cm
490 ## - SERIES STATEMENT
Series statement Teacher your child to read by Dr. James Hoffman :
Volume/sequential designation Level 1 .
505 ## - FORMATTED CONTENTS NOTE
Formatted contents note E<br/>
520 ## - SUMMARY, ETC.
Summary, etc. School Zone Start to Read! Books present beginning readers with a variety of captivating stories told through rhyme, rhythm, and repetition for easy reading. Each book builds children's reading vocabulary and features an exciting or amusing plot with beautiful illustrations that support and extend the text.
521 8# - TARGET AUDIENCE NOTE
Target audience note 170<br/>
Source Lexile<br/>
521 8# - TARGET AUDIENCE NOTE
Target audience note E<br/>
Source Raz-Plus<br/>
650 ## - SUBJECT ADDED ENTRY--TOPICAL TERM
Topical term or geographic name entry element Learning How to Read
Form subdivision Counting
942 ## - ADDED ENTRY ELEMENTS (KOHA)
Source of classification or shelving scheme Dewey Decimal Classification
Koha item type Books
Suppress in OPAC No
Holdings
Withdrawn status Lost status Source of classification or shelving scheme Damaged status Not for loan Collection Home library Current library Shelving location Date acquired Total Checkouts Full call number Barcode Date last seen Copy number Price effective from Koha item type
    Dewey Decimal Classification     Juvenile Fiction Footprints International School Library Network Toul Kork Campus Footprints International School Library Network Toul Kork Campus TK Primary Library Room(4th Floor), Bookcase 7, Shelves 57-60, Dark Green Books 06/12/2025   GRE 636.5 PZ8.3 .G84 N FISBK02508 11/10/2025 1 06/12/2025 Books
    Dewey Decimal Classification     Juvenile Fiction Footprints International School Library Network Toul Kork Campus Footprints International School Library Network Toul Kork Campus TK Primary Library Room(4th Floor), Bookcase 7, Shelves 57-60, Dark Green Books 07/07/2025   GRE 636.5 PZ8.3 .G84 N FISBK02502 07/07/2025 2 07/07/2025 Books